000 00272nam a2200109Ia 4500
008 220714s9999 xx 000 0 und d
020 _a0 7172 5656 1
082 _aRef 150 PSYC
100 _aNo author, editors only
245 0 _aHistory of Psychology Vol 1
942 _cBK
_w561
_xJohn Tresidder
_y561
_zJohn Tresidder
999 _c720282
_d720281